Capitals of South America - Statistics

General Stats
  • This quiz has been taken 30 times
  • The average score is 11 of 12
Answer Stats
Continent Capital % Correct
South America Brasília
100%
South America Buenos Aires
100%
South America Lima
96%
South America Montevideo
96%
South America Quito
96%
South America Santiago
96%
South America Asunción
92%
South America Bogotá
92%
South America Caracas
92%
South America La Paz
92%
South America Georgetown
88%
South America Paramaribo
79%
No matching quizzes found
Score Distribution
Percent of People with Each Score
Percentile by Number Answered
Your Score History
You have not taken this quiz